000 00883nam a2200265Ia 4500
001 21791
005 20260320113313.0
008 260320s9999||||xx |||||||||||||| ||und||
020 _a9789972936647
041 _aESP
082 _a079.8503
_bS24
100 _aSánchez Silva, Juan,
_eAUT
245 0 _aHistoria de la prensa periódica en el Perú, 1760-1825
_b
246 _a
_5
_b
250 _aPrimera edición
260 _aLima :
_b[Editor no identificado],
_c2024
300 _a179 páginas :
_b
_c24 cm.
_e
440 _a
_n
_v
650 _aGEN
653 _aPeriodismo - Perú - Historia; Libertad de prensa - Perú - Historia; Periódicos peruanos - 1760-1825
654 _aCHU
700 _aOrtiz Sotelo, Jorge,
_cEDT
856 _uhttps://research-ebsco-com.ucsp.lookproxy.com/c/qxo6us/search
_zVéase además: Base de datos EBSCOhost
942 _cLIB
_dJUS
_fMAT
_2ddc
_n
999 _c21791
_d21791